Whiskey y Coco - Justin Quiles, Myke Towers - Estadísticas

Estadísticas generales
  • Esta prueba ha sido intentada 43 veces
  • La puntuación promedio es 314 de 438
Estadísticas de respuestas
Letra % Correcto
a
100%
A
100%
e
94%
el
94%
que
94%
qué
94%
Qué
94%
va
94%
Y
94%
y
94%
yo
94%
Yo
94%
coco
88%
como
88%
cómo
88%
hace
88%
Hace
88%
la
88%
La
88%
lo
88%
loco
88%
No
88%
no
88%
o
88%
whiskey
88%
Anda
81%
anda
81%
ando
81%
cabrón
81%
con
81%
de
81%
Ella
81%
ella
81%
En
81%
en
81%
le
81%
me
81%
Me
81%
mezclando
81%
pa
81%
por
81%
se
81%
Se
81%
si
81%
Si
81%
ti
81%
tu
81%
81%
Bien
75%
bien
75%
culo
75%
hacemo
75%
Loca
75%
loca
75%
75%
mi
75%
poco
75%
Tamo
75%
tiene
75%
Tiene
75%
un
75%
vato
75%
baño
69%
está
69%
llora
69%
misión
69%
pone
69%
queda
69%
soy
69%
su
69%
tatua
69%
tatuá
69%
todo
69%
calor
63%
dos
63%
enfoco
63%
hacemos
63%
hicimo
63%
ni
63%
visión
63%
aplico
56%
combo
56%
Cuando
56%
cuando
56%
escalera
56%
hicimos
56%
Hoy
56%
imagina
56%
Jay
56%
locos
56%
Los
56%
Mami
56%
mami
56%
pantalón
56%
pierde
56%
quiero
56%
Quiles
56%
Quítate
56%
chinga
50%
colora
50%
complacer
50%
curiosidad
50%
dejó
50%
día
50%
Ese
50%
explico?
50%
gana
50%
grito
50%
habló
50%
hago
50%
importa
50%
Justin
50%
ninfomaniaca
50%
nosotros?
50%
Pero
50%
quién
50%
razón
50%
te
50%
Wheeler
50%
adicto
44%
ahora
44%
del
44%
envuelvo
44%
escalón
44%
gemido
44%
hice
44%
Hicieron
44%
ninguna
44%
paca
44%
rico
44%
salón
44%
suplico
44%
alboroto
38%
baila
38%
bellaca
38%
dice
38%
enteran
38%
ere
38%
fue
38%
llevaría
38%
mano
38%
María
38%
otro
38%
pago
38%
pal
38%
pasa
38%
polvo
38%
serenata
38%
sola
38%
suelto
38%
toca
38%
Variedades
38%
ver
38%
acoplo
31%
barrio
31%
chivata
31%
combi
31%
dar
31%
dealer
31%
experiencia
31%
fumando
31%
igual
31%
juqueara
31%
lujuria
31%
Mira
31%
novata
31%
nueva
31%
oye
31%
party
31%
pásalo
31%
phillie
31%
pose
31%
psiquiatra
31%
quejó
31%
remata
31%
spa
31%
Versace
31%
amiga
25%
arrebata
25%
bata
25%
buscan
25%
madruga
25%
prende
25%
quieras
25%
roommate
25%
salen
25%
voy
25%
belieber
19%
bile
19%
call
19%
No se encontraron pruebas coincidentes
Distribución de puntuación
Porcentaje de gente con cada puntuación
Porcentaje por número respondido
Historial de tus puntuaciones
No has intentado esta prueba.